| 000 | 01203nam a2200265Ia 4500 | ||
|---|---|---|---|
| 001 | 242.09-STO sp (5589) | ||
| 003 | IT-MiSPE | ||
| 008 | 171229s9999||||xx |||||||||||||| ||und|| | ||
| 040 |
_aIT-MiSPE _cIT-MiSPE |
||
| 041 | _aITALIANO | ||
| 100 | _aFrançois Vanderbroucke | ||
| 240 | _aLa spiritualité du Moyen Age (parte seconda) | ||
| 245 | 0 |
_aStoria della spiritualità _bIV/B. La spiritualità deI Medioevo (XII-XVI secolo): Nuovi ambienti e problemi |
|
| 250 | _anv. ed. it. ampl. agg. | ||
| 260 |
_aBologna _bEDB _c1991 |
||
| 300 |
_a541 p. [v.] _c22 cm |
||
| 490 | _v 4°/B | ||
| 501 | _aEdizioni San Paolo srl - Piazza Soncino, 5 - 20092 CINISELLO BALSAMO (MI) (non commercial uses only) ® Copyright 2018 | ||
| 520 | _aGiovanna della Croce (ed. it.) | ||
| 700 | _aGiovanna della Croce | ||
| 700 | _aRéginald Grégoire | ||
| 942 | _cBK | ||
| 957 | _71 | ||
| 999 |
_a11221 _bNO _g Copie: 1 _c341956 _d341956 |
||